000 00329nam a22001337a 4500
008 170529b xxu||||| |||| 00| 0 eng d
020 _a
041 _aeng
080 _a94
100 _a16
101 _aSHH
245 _aCAPITALIST CONTROL AND WORKERS' STRUGGLE IN THE BRAZILIAN AUTO INDUSTRY
_cHUMPHREY,J
942 _2udc
_cBK
999 _c14948
_d14948